Come back 1984 Act (Record no. 63301)

MARC details
000 -LEADER
fixed length control field 00624cam a2200181 4500
001 - CONTROL NUMBER
control field ABS62154
008 - FIXED-LENGTH DATA ELEMENTS--GENERAL INFORMATION
fixed length control field 000000n2000 000 0 eng u
035 ## - SYSTEM CONTROL NUMBER
System control number (Sirsi) u105697
100 ## - MAIN ENTRY--PERSONAL NAME
Personal name Hasan, I.
245 ## - TITLE STATEMENT
Title Come back 1984 Act
260 ## - PUBLICATION, DISTRIBUTION, ETC.
Date of publication, distribution, etc. 2000
490 ## - SERIES STATEMENT
Series statement Solicitors' Journal
Volume/sequential designation 144(14) 14 April 2000, 350-351(2)
520 ## - SUMMARY, ETC.
Summary, etc. Discusses the Data Protection Act 1998 and how this will impact on the way all organisations including local authorities process data relating to individuals. Diagram.
590 ## - LOCAL NOTE (RLIN)
Local note ABS
650 ## - SUBJECT ADDED ENTRY--TOPICAL TERM
Topical term or geographic name entry element DATA PROTECTION ACT 1998
690 ## - LOCAL SUBJECT ADDED ENTRY--TOPICAL TERM (OCLC, RLIN)
Topical term or geographic name as entry element MANAGEMENT-BUSINESS MANAGEMENT
942 ## - ADDED ENTRY ELEMENTS (KOHA)
Suppress in OPAC 0
Holdings
Withdrawn status Lost status Source of classification or shelving scheme Damaged status Not for loan Home library Current library Shelving location Date acquired Total Checkouts Full call number Barcode Date last seen Copy number Price effective from Koha item type
    Dewey Decimal Classification     London London Journal article 02/05/2000   ABS62154 105697-1001 06/08/2019 1 06/08/2019 Journal article